[Event "Lignano Bella Italia op 2nd"]
[Site "Lignano Sabbiadoro"]
[Date "2023.08.21"]
[Round "7"]
[White "Scagliarini, Lara"]
[Black "Kul, Ivan"]
[Result "1/2-1/2"]
[WhiteElo "1951"]
[BlackElo "2140"]
[PlyCount "126"]
[EventDate "2023.08.17"]
[EventType "swiss"]
[EventRounds "9"]
[EventCountry "ITA"]
[SourceTitle "EXT 2024"]
[Source "ChessBase"]
[SourceDate "2023.10.10"]
[SourceVersion "1"]
[SourceVersionDate "2023.10.10"]
[SourceQuality "1"]

1. e4 d5 2. exd5 Nf6 3. Bb5+ Bd7 4. Bc4 Bg4 5. f3 Bf5 6. g4 Bg6 7. Nc3 c6 8. dxc6 Nxc6 9. d3 e6 10. Be3 h5 11. g5 Nd5 12. Qd2 Nxe3 13. Qxe3 Nd4 14. 0-0-0 Bc5 15. Qe5 Bb6 16. Kb1 0-0 17. Nce2 Rc8 18. Bb3 Nxb3 19. axb3 Rc5 20. Qf4 Qxg5 21. Qxg5 Rxg5 22. Ng3 Re5 23. f4 Rd5 24. N1e2 Rfd8 25. Nc3 Rd4 26. Rhf1 h4 27. Nge4 R4d7 28. Rde1 a6 29. Rf3 Bf5 30. Ng5 Bd4 31. Ne2 Ba7 32. Ng1 f6 33. Ne4 b5 34. Rff1 Bg4 35. Nf2 Bf5 36. Nf3 Bb8 37. Nxh4 Bxf4 38. Nxf5 exf5 39. Nh3 Bxh2 40. Re2 Bc7 41. Rxf5 Rd5 42. Rf3 Be5 43. Rg2 Rd4 44. Nf2 Rf4 45. Rh3 g5 46. Ne4 Kf7 47. Rh7+ Kg6 48. Re7 Rf1+ 49. Ka2 Kf5 50. b4 Rh8 51. Rf7 g4 52. d4 Kxe4 53. dxe5 f5 54. e6 Re8 55. e7 Kf4 56. Re2 g3 57. Rf8 Rxe7 58. Rxe7 g2 59. Ref7 Ke4 60. Re7+ Kf4 61. Ref7 Ke4 62. Re7+ Kf4 63. Ref7 Ke5 1/2-1/2

[Event "Lignano Bella Italia op 2nd"]
[Site "Lignano Sabbiadoro"]
[Date "2023.08.18"]
[Round "3"]
[White "Scagliarini, Lara"]
[Black "Fetiveau, Arthur"]
[Result "1/2-1/2"]
[WhiteElo "1951"]
[BlackElo "2039"]
[PlyCount "33"]
[EventDate "2023.08.17"]
[EventType "swiss"]
[EventRounds "9"]
[EventCountry "ITA"]
[SourceTitle "EXT 2024"]
[Source "ChessBase"]
[SourceDate "2023.10.10"]
[SourceVersion "1"]
[SourceVersionDate "2023.10.10"]
[SourceQuality "1"]

1. e4 c6 2. Nc3 d5 3. Nf3 dxe4 4. Nxe4 Nd7 5. Bc4 e6 6. Qe2 Nb6 7. Bb3 Nf6 8. 0-0 Nxe4 9. Qxe4 Be7 10. d4 0-0 11. c4 Re8 12. Rd1 f5 13. Qe2 Bf6 14. Bf4 Qe7 15. c5 Nd5 16. Bd6 Qf7 17. Ne5 1/2-1/2

[Event "Cattolica op-B 8th"]
[Site "Cattolica"]
[Date "2021.05.31"]
[Round "5"]
[White "D'Aulisa, Francesco"]
[Black "Scagliarini, Lara"]
[Result "0-1"]
[WhiteElo "1673"]
[BlackElo "1840"]
[PlyCount "82"]
[EventDate "2021.05.27"]
[EventType "swiss"]
[EventRounds "7"]
[EventCountry "ITA"]
[SourceTitle "CBM 203 Extra"]
[Source "ChessBase"]
[SourceDate "2021.09.30"]
[SourceVersion "1"]
[SourceVersionDate "2021.09.30"]
[SourceQuality "1"]

1. e4 c5 2. Nf3 Nc6 3. Bc4 e6 4. 0-0 Nge7 5. c3 d5 6. exd5 exd5 7. Be2 d4 8. cxd4 cxd4 9. Bc4 Nd5 10. Qb3 Be6 11. Qxb7 Qc8 12. Qxc8+ Rxc8 13. a3 Be7 14. Bb5 Bf6 15. d3 0-0 16. Nbd2 Na5 17. Ne4 Nb3 18. Rb1 Nb6 19. Nxf6+ gxf6 20. Bf4 Rc2 21. h3 Ra8 22. Rfd1 a6 23. Bc4 Nxc4 24. dxc4 Rxc4 25. Nd2 Nxd2 26. Rxd2 d3 27. Rxd3 Rxf4 28. b4 Rb8 29. Rd6 Bc4 30. a4 Kg7 31. a5 Bb5 32. Rb6 Rd8 33. g3 Rc4 34. g4 Rd2 35. Kg2 Rf4 36. Kg3 Rfxf2 37. Rxb5 axb5 38. a6 Rg2+ 39. Kf3 Rdf2+ 40. Ke3 Ra2 41. Kf3 Rgc2 0-1

[Event "Cattolica op-B 8th"]
[Site "Cattolica"]
[Date "2021.05.30"]
[Round "4"]
[White "Marani, Luca"]
[Black "Scagliarini, Lara"]
[Result "1-0"]
[WhiteElo "1712"]
[BlackElo "1840"]
[PlyCount "129"]
[EventDate "2021.05.27"]
[EventType "swiss"]
[EventRounds "7"]
[EventCountry "ITA"]
[SourceTitle "CBM 203 Extra"]
[Source "ChessBase"]
[SourceDate "2021.09.30"]
[SourceVersion "1"]
[SourceVersionDate "2021.09.30"]
[SourceQuality "1"]

1. Nc3 c5 2. d4 cxd4 3. Qxd4 Nc6 4. Qh4 Nf6 5. Nf3 e6 6. Bg5 Be7 7. 0-0-0 a6 8. e4 Qa5 9. Bc4 b5 10. e5 Nxe5 11. Nxe5 bxc4 12. Nxc4 Qc7 13. Bxf6 Bxf6 14. Qe4 Qc6 15. Nd6+ Kf8 16. Qxc6 dxc6 17. Nce4 Be5 18. g3 Ke7 19. f4 Bxd6 20. Nxd6 Rd8 21. Ne4 f6 22. Rxd8 Kxd8 23. Rd1+ Ke7 24. Nc5 Rb8 25. b3 Rb5 26. Ne4 Rd5 27. c4 Rxd1+ 28. Kxd1 e5 29. fxe5 fxe5 30. Kd2 a5 31. Kc3 h6 32. b4 axb4+ 33. Kxb4 Bf5 34. Nc3 Bd3 35. Kc5 Kd7 36. a4 Kc7 37. a5 Kb7 38. Nd1 Ka6 39. Kb4 e4 40. Ne3 c5+ 41. Kxc5 Kxa5 42. Kd4 Kb6 43. Nf5 Bb1 44. Nxg7 e3 45. Kxe3 Kc5 46. Kf4 Kxc4 47. Nf5 h5 48. Kg5 Kd5 49. Ng7 h4 50. Kxh4 Ke5 51. Kh5 Kf6 52. Kh6 Bd3 53. g4 Be2 54. g5+ Kf7 55. Nh5 Bd3 56. Nf6 Bf5 57. h4 Bb1 58. h5 Bc2 59. Ng4 Kf8 60. g6 Bb3 61. Kg5 Bc2 62. Nf6 Bb3 63. h6 Bf7 64. g7+ Ke7 65. h7 1-0

[Event "Cattolica op-B 8th"]
[Site "Cattolica"]
[Date "2021.05.28"]
[Round "2"]
[White "Tomio, Dante"]
[Black "Scagliarini, Lara"]
[Result "1-0"]
[WhiteElo "1700"]
[BlackElo "1840"]
[PlyCount "96"]
[EventDate "2021.05.27"]
[EventType "swiss"]
[EventRounds "7"]
[EventCountry "ITA"]
[SourceTitle "CBM 203 Extra"]
[Source "ChessBase"]
[SourceDate "2021.09.30"]
[SourceVersion "1"]
[SourceVersionDate "2021.09.30"]
[SourceQuality "1"]

1. d4 Nf6 2. Nf3 e6 3. Bg5 c5 4. e3 Qb6 5. Qc1 Nc6 6. c3 d5 7. Bd3 Nh5 8. Nbd2 h6 9. Bh4 g5 10. Bg3 Nxg3 11. hxg3 Bg7 12. Rb1 Bd7 13. Qd1 0-0-0 14. 0-0 g4 15. dxc5 Qxc5 16. Nd4 Ne5 17. Be2 h5 18. b4 Qe7 19. a4 Qg5 20. Bb5 h4 21. Qe2 Rh6 22. Bxd7+ Nxd7 23. f4 gxf3 24. N2xf3 Qxg3 25. Qf2 Bf6 26. Ne2 Qg7 27. Rbc1 Rg8 28. c4 Kb8 29. cxd5 h3 30. g3 exd5 31. Kh2 Nb6 32. a5 Nc4 33. Nfd4 Nd6 34. Nf5 Nxf5 35. Qxf5 Qg4 36. Rc8+ Rxc8 37. Qxg4 Rg6 38. Qxg6 fxg6 39. Rxf6 Rc2 40. Rf2 Rb2 41. Kxh3 g5 42. Rf8+ Kc7 43. Nd4 g4+ 44. Kxg4 Rxb4 45. Kf5 Ra4 46. Ke5 Rxa5 47. Rf2 Kb6 48. g4 Rc5 1-0

[Event "Bassano del Grappa op 10"]
[Site "Bassano del Grappa"]
[Date "2020.10.25"]
[Round "4"]
[White "Scagliarini, Lara"]
[Black "Candian, Lorenzo"]
[Result "0-1"]
[WhiteElo "1892"]
[BlackElo "1933"]
[PlyCount "116"]
[EventDate "2020.10.23"]
[EventType "swiss"]
[EventRounds "5"]
[EventCountry "ITA"]
[SourceTitle "EXT 2022"]
[Source "ChessBase"]
[SourceDate "2021.10.06"]
[SourceVersion "1"]
[SourceVersionDate "2021.10.06"]
[SourceQuality "1"]

1. e4 d5 2. exd5 Qxd5 3. Nf3 Bg4 4. Be2 Nc6 5. h3 Bh5 6. d4 0-0-0 7. c3 e5 8. c4 Qa5+ 9. Bd2 Bb4 10. d5 Bxf3 11. Bxf3 Nd4 12. Nc3 Qa6 13. Be2 Ne7 14. a3 Bxc3 15. Bxc3 Nxe2 16. Qxe2 Rhe8 17. Rd1 Kb8 18. Rd2 Ng6 19. g3 Nf4 20. Qf1 Qg6 21. gxf4 exf4+ 22. Re2 f3 23. Rxe8 Rxe8+ 24. Kd2 Re2+ 25. Qxe2 fxe2 26. Re1 Qh6+ 27. Kxe2 Qxh3 28. Bxg7 Qg4+ 29. Kd3 Qf3+ 30. Re3 Qf5+ 31. Kc3 b6 32. Bd4 h5 33. Re5 Qf3+ 34. Re3 Qg4 35. b4 Qf5 36. Re5 Qb1 37. a4 a5 38. bxa5 Qa1+ 39. Kd3 Qxa4 40. axb6 cxb6 41. d6 h4 42. Rb5 Qa3+ 43. Ke4 h3 44. Be5 Qa8+ 45. Ke3 Kc8 46. Rxb6 Qa7 47. c5 Qa2 48. Kd4 Qa1+ 49. Kd5 Qh1+ 50. Kc4 Qe4+ 51. Bd4 h2 52. c6 Qe6+ 53. Kc5 Qf5+ 54. Kc4 h1Q 55. d7+ Kc7 56. Rb7+ Kxc6 57. d8N+ Kd6 58. Rb6+ Kd7 0-1

[Event "ITA-chT (Women) 51st"]
[Site "Brixen Bressanone"]
[Date "2019.04.29"]
[Round "3.3"]
[White "Scagliarini, Lara"]
[Black "Rapport, Jovana"]
[Result "1/2-1/2"]
[WhiteElo "1789"]
[BlackElo "2385"]
[PlyCount "151"]
[EventDate "2019.04.28"]
[EventType "team-tourn"]
[EventRounds "7"]
[EventCountry "ITA"]
[SourceTitle "CBM 190 Extra"]
[Source "ChessBase"]
[SourceDate "2019.07.15"]
[SourceVersion "1"]
[SourceVersionDate "2019.07.15"]
[SourceQuality "1"]
[WhiteTeam "Dolomiti Ninfe (W)"]
[BlackTeam "Milan Mimosa (W)"]
[WhiteTeamCountry "ITA"]
[BlackTeamCountry "ITA"]

1. e4 c6 2. d4 d5 3. Nc3 dxe4 4. Nxe4 Nf6 5. Nxf6+ exf6 6. c3 Bd6 7. Bd3 0-0 8. Ne2 Re8 9. 0-0 Nd7 10. Ng3 Nf8 11. f4 c5 12. d5 Qc7 13. c4 Bd7 14. Bd2 b5 15. b3 b4 16. Qf3 Ng6 17. Ne4 f5 18. Nxd6 Qxd6 19. Qf2 a5 20. a4 Rac8 21. Rae1 Red8 22. Bc1 Re8 23. Be3 Nf8 24. Bc1 f6 25. Rxe8 Rxe8 26. Re1 Rc8 27. Qe2 Kf7 28. Qf2 g6 29. Bb2 Re8 30. Bc1 h5 31. g3 Rc8 32. Bc2 Re8 33. Bd3 Bc8 34. Rxe8 Kxe8 35. Qe1+ Kd8 36. Kf2 Qe7 37. Qxe7+ Kxe7 38. h4 Nd7 39. Bc2 Nb6 40. Ke2 Ba6 41. Ke3 Kd6 42. Bd3 Nc8 43. Ke2 Ke7 44. Be3 Kd6 45. Bc1 Nb6 46. Ke3 Ke7 47. Ke2 Na8 48. Bb2 Nc7 49. Bc1 Ne8 50. Be3 Kd6 51. Bc2 Bc8 52. Bd3 Bd7 53. Bc2 Nc7 54. Kd2 Na8 55. Kd3 Nb6 56. Bf2 Bc8 57. Kd2 Ba6 58. Bd3 Nc8 59. Bc2 Ne7 60. Bd3 Ng8 61. Ke2 Nh6 62. Bg1 Nf7 63. Be3 Bc8 64. Bc2 Nd8 65. Bd3 Nb7 66. Bc2 Kc7 67. Kd2 Kb6 68. Bd3 Kc7 69. Bc2 Bd7 70. Bd3 Kb6 71. Bc2 Nd6 72. Bd3 Be8 73. Bf2 Bd7 74. Be3 Nb7 75. Bf2 Kc7 76. Be3 1/2-1/2

[Event "Verona op-B"]
[Site "Verona"]
[Date "2017.01.04"]
[Round "4.8"]
[White "Scagliarini, Lara"]
[Black "Ghiotto, Marco Luigi"]
[Result "1-0"]
[WhiteElo "1830"]
[BlackElo "1730"]
[PlyCount "47"]
[EventDate "2017.01.02"]
[EventType "swiss"]
[EventRounds "7"]
[EventCountry "ITA"]
[SourceTitle "EXT 2018"]
[Source "ChessBase"]
[SourceDate "2017.10.13"]
[SourceVersion "1"]
[SourceVersionDate "2017.10.13"]
[SourceQuality "1"]

1. e4 e5 2. Nc3 Nc6 3. g3 d6 4. Bg2 Be7 5. Nge2 f5 6. d3 Nf6 7. 0-0 0-0 8. h3 a6 9. f4 fxe4 10. dxe4 Qe8 11. f5 Nd7 12. Nd5 Bd8 13. g4 Ne7 14. Ng3 c6 15. Nxe7+ Qxe7 16. g5 Bb6+ 17. Kh2 Bc5 18. Qg4 Nb6 19. Nh5 d5 20. Nf6+ Kh8 21. Nxh7 Rxf5 22. exf5 Kxh7 23. Qh5+ Kg8 24. g6 1-0

[Event "Olbia CIG U16 24th"]
[Site "Olbia"]
[Date "2016.06.30"]
[Round "7"]
[White "Scagliarini, Lara"]
[Black "Rinaudo, Giada"]
[Result "1/2-1/2"]
[WhiteElo "1602"]
[BlackElo "1572"]
[PlyCount "102"]
[EventDate "2016.06.26"]
[EventType "swiss"]
[EventRounds "9"]
[EventCountry "ITA"]
[SourceTitle "EXT 2024"]
[Source "ChessBase"]
[SourceDate "2023.10.10"]
[SourceVersion "1"]
[SourceVersionDate "2023.10.10"]
[SourceQuality "1"]

1. e4 g6 2. Nc3 Bg7 3. g3 d6 4. Bg2 e5 5. Nge2 Ne7 6. 0-0 0-0 7. d3 Nbc6 8. h3 Be6 9. Nd5 Qd7 10. Kh2 f5 11. f4 Rf7 12. Rb1 Kh8 13. b4 Rg8 14. b5 Nd8 15. c4 c6 16. a4 Rff8 17. Nxe7 Qxe7 18. Be3 c5 19. Qc1 Nf7 20. Nc3 exf4 21. gxf4 Qd7 22. Nd5 Rc8 23. Bd2 h6 24. Rg1 Kh7 25. Bc3 Qd8 26. a5 Bxd5 27. exd5 Bxc3 28. Qxc3 Qh4 29. Rbf1 Rge8 30. d4 Re2 31. dxc5 dxc5 32. Qg3 Qxg3+ 33. Kxg3 Rce8 34. Rf2 Nd6 35. Rxe2 Rxe2 36. Rc1 Kg7 37. Rc3 Kf7 38. a6 bxa6 39. Ra3 axb5 40. Rxa7+ Re7 41. Rxe7+ Kxe7 42. cxb5 Nxb5 43. Kf2 Kd6 44. h4 h5 45. Bf1 Nc7 46. Kf3 Kxd5 47. Ke3 c4 48. Bg2+ Kc5 49. Bb7 Nd5+ 50. Kf3 Kd4 51. Bc6 c3 1/2-1/2

[Event "Olbia CIG U16 24th"]
[Site "Olbia"]
[Date "2016.06.28"]
[Round "4"]
[White "Palma, Maria"]
[Black "Scagliarini, Lara"]
[Result "1/2-1/2"]
[WhiteElo "1909"]
[BlackElo "1602"]
[PlyCount "96"]
[EventDate "2016.06.26"]
[EventType "swiss"]
[EventRounds "9"]
[EventCountry "ITA"]
[SourceTitle "EXT 2024"]
[Source "ChessBase"]
[SourceDate "2023.10.10"]
[SourceVersion "1"]
[SourceVersionDate "2023.10.10"]
[SourceQuality "1"]

1. Nf3 Nf6 2. c4 c5 3. g3 g6 4. Bg2 Bg7 5. 0-0 0-0 6. Nc3 Nc6 7. d4 cxd4 8. Nxd4 Qb6 9. Nb3 d6 10. Be3 Qd8 11. h3 Be6 12. Nd5 Rc8 13. Rc1 b6 14. Nd4 Nxd4 15. Bxd4 Qd7 16. Kh2 b5 17. b3 bxc4 18. bxc4 Rfe8 19. Bxf6 exf6 20. e3 Bxd5 21. Bxd5 Rb8 22. Rb1 f5 23. Qf3 Qc7 24. g4 fxg4 25. hxg4 Rf8 26. Kg2 Qd8 27. Rxb8 Qxb8 28. g5 Qd8 29. Qg4 Qc8 30. Qh4 Qf5 31. Rh1 h5 32. gxh6 Bf6 33. h7+ Kh8 34. Qg3 Be5 35. f4 Qc2+ 36. Qf2 Qxf2+ 37. Kxf2 Bf6 38. Kf3 Kg7 39. e4 Rh8 40. Ke3 Rxh7 41. Rxh7+ Kxh7 42. Bxf7 Kg7 43. Bd5 g5 44. fxg5 Bxg5+ 45. Kd3 Bf6 46. Kc2 Bd4 47. Kb3 Kf6 48. Kb4 Ke5 1/2-1/2

[Event "Chioggia op-C 10th"]
[Site "Chioggia"]
[Date "2015.10.11"]
[Round "5"]
[White "Paparella, Nicole Samantha"]
[Black "Scagliarini, Lara"]
[Result "1/2-1/2"]
[WhiteElo "1516"]
[BlackElo "1528"]
[PlyCount "29"]
[EventDate "2015.10.09"]
[EventType "swiss"]
[EventRounds "5"]
[EventCountry "ITA"]
[SourceTitle "EXT 2022"]
[Source "ChessBase"]
[SourceDate "2021.10.06"]
[SourceVersion "1"]
[SourceVersionDate "2021.10.06"]
[SourceQuality "1"]

1. e4 c5 2. Nf3 Nc6 3. d4 cxd4 4. Nxd4 g6 5. Nc3 Bg7 6. Nxc6 bxc6 7. Be3 d6 8. Bd3 Nf6 9. h3 0-0 10. 0-0 Qc7 11. Qd2 Rd8 12. Bh6 d5 13. exd5 cxd5 14. Bxg7 Kxg7 15. Rad1 1/2-1/2

[Event "Chioggia op-C 10th"]
[Site "Chioggia"]
[Date "2015.10.10"]
[Round "3"]
[White "Carisi, Lorenzo"]
[Black "Scagliarini, Lara"]
[Result "0-1"]
[WhiteElo "1440"]
[BlackElo "1528"]
[PlyCount "124"]
[EventDate "2015.10.09"]
[EventType "swiss"]
[EventRounds "5"]
[EventCountry "ITA"]
[SourceTitle "EXT 2022"]
[Source "ChessBase"]
[SourceDate "2021.10.06"]
[SourceVersion "1"]
[SourceVersionDate "2021.10.06"]
[SourceQuality "1"]

1. e4 c5 2. Nf3 Nc6 3. d4 cxd4 4. Nxd4 g6 5. Nc3 Bg7 6. Nxc6 bxc6 7. Bd2 d6 8. Bd3 Nf6 9. 0-0 0-0 10. Re1 Ng4 11. h3 Ne5 12. Be2 Be6 13. Qc1 Nc4 14. Bxc4 Bxc4 15. Bh6 Rb8 16. Bxg7 Kxg7 17. b3 Be6 18. Qb2 f6 19. Rad1 Qa5 20. Ne2 Qe5 21. Qxe5 fxe5 22. c4 Ra8 23. Nc3 a5 24. Rd2 Rfb8 25. Re3 Rb7 26. g4 Rf8 27. Kg2 Rbb8 28. f3 Rf7 29. Kg3 g5 30. Rh2 Rh8 31. h4 h5 32. hxg5 hxg4 33. Rxh8 Kxh8 34. fxg4 Rf4 35. Kh2 Rxg4 36. Rg3 Rh4+ 37. Kg2 Kg7 38. Rf3 Rg4+ 39. Rg3 Rh4 40. Kf3 Kg6 41. Ke3 Rh5 42. Rf3 Bf7 43. Rg3 Rxg5 44. Rxg5+ Kxg5 45. Kd3 Kf6 46. a3 Ke6 47. b4 axb4 48. axb4 Kd7 49. Na4 Kc7 50. b5 cxb5 51. cxb5 Be8 52. Kc4 e6 53. Nc3 Bd7 54. Kb4 Bc8 55. Kc4 Bb7 56. Kb4 d5 57. exd5 exd5 58. Ne2 Kd6 59. Kc3 Kc5 60. Kd3 Kxb5 61. Nc3+ Kc5 62. Ne2 Ba6+ 0-1

[Event "ITA-ch U12 Girls"]
[Site "Tarvisio"]
[Date "2014.07.01"]
[Round "4"]
[White "Scagliarini, Lara"]
[Black "Palma, Maria"]
[Result "0-1"]
[WhiteElo "1321"]
[BlackElo "1716"]
[PlyCount "138"]
[EventDate "2014.06.29"]
[EventType "swiss"]
[EventRounds "9"]
[EventCountry "ITA"]
[SourceTitle "EXT 2024"]
[Source "ChessBase"]
[SourceDate "2023.10.10"]
[SourceVersion "1"]
[SourceVersionDate "2023.10.10"]
[SourceQuality "1"]

1. d4 d5 2. Nf3 Nf6 3. Bf4 c5 4. c3 e6 5. e3 Nc6 6. Be2 Be7 7. Ne5 Nxe5 8. Bxe5 c4 9. 0-0 0-0 10. Nd2 b5 11. b3 Nd7 12. Nf3 Nxe5 13. Nxe5 Qc7 14. a4 f6 15. Nf3 Bd7 16. axb5 Bxb5 17. bxc4 Bxc4 18. Bxc4 Qxc4 19. Qc2 Rfc8 20. Rfc1 Bb4 21. Qa4 Bxc3 22. Qxc4 Rxc4 23. Ra2 a5 24. h3 Rac8 25. Rcc2 Bb4 26. Rcb2 Rc1+ 27. Kh2 R1c3 28. Nd2 Ra3 29. Nb3 Rxa2 30. Rxa2 Ra8 31. Kg1 Kf7 32. Kf1 Ke7 33. Ke2 Kd6 34. Rc2 a4 35. Na1 Ra7 36. Kd1 Rc7 37. Rxc7 Kxc7 38. Kc1 Kb6 39. Kb2 Kb5 40. Nc2 Kc4 41. g4 Bc3+ 42. Kc1 Kb3 43. Kd1 a3 44. h4 a2 45. h5 a1Q+ 46. Nxa1+ Bxa1 47. Ke2 Kc2 48. Kf3 Kd3 49. Kf4 Bc3 50. h6 g6 51. Kf3 e5 52. dxe5 fxe5 53. g5 Be1 54. Kg2 Ke4 55. Kf1 Bb4 56. Ke2 Be7 57. f3+ Kf5 58. Kd3 Bxg5 59. e4+ Ke6 60. Ke2 d4 61. Kd3 Bxh6 62. f4 Bxf4 63. Ke2 h5 64. Kf3 d3 65. Kg2 d2 66. Kf2 d1Q 67. Kg2 Qe2+ 68. Kg1 h4 69. Kh1 Qh2# 0-1